00503nam a2200193Ia 4500008004100000020002200041050001800063050001400081245001700095245002700112245003400139260001300173260002300186260000900209300001600218300002600234300001100260650003800271200601s9999 xx 000 0 und d a978-971-816-115-9 aREF DS 687.32 b.C67 2009 0aCory magic : 0bher people's stories / 0cedited by Marian Pastor Roces aManila : bABS-CBN Pub. Inc., c2009 a397 pages : bcolor illustrations ; c23 cm. aAquino, Cory Cojuangco, 1933-2009